LEADER 03000nam 2200457 450 001 9910725059403321 005 20230731172844.0 035 $a(CKB)5860000000314836 035 $a(NjHacI)995860000000314836 035 $a(MiAaPQ)EBC7272463 035 $a(Au-PeEL)EBL7272463 035 $a(EXLCZ)995860000000314836 100 $a20230627d2023 uy 0 101 0 $afre 135 $aur||||||||||| 181 $ctxt$2rdacontent 182 $cc$2rdamedia 183 $acr$2rdacarrier 200 00$aJustice environnementale dans les espaces ruraux en Afrique /$fsous la coordination de William's Dare? ; Alpha Ba ; pre?face de Vale?rie Deldre?ve 210 1$aVersailles :$cE?ditions Quae,$d2023. 215 $a1 online resource (223 pages) 225 1 $aNature et socie?te? (Series) 311 $a2-7592-3589-0 330 $a"La notion de justice environnementale e?merge face aux constats d'un acce?s diffe?rent aux ressources de l'environnement ainsi que d'une ine?gale distribution des risques environnementaux affectant certains groupes sociaux. Souvent aborde?e dans les travaux de recherche au Nord, l'analyse des crite?res de justice ou d'injustice associe?s a? l'environnement tels que l'acce?s a? l'eau, l'extraction de minerais ou la reconnaissance des communaute?s locales, n'a e?te? que tre?s peu e?tudie?e en Afrique. Pourtant, de nombreux territoires africains font l'objet d'ame?nagements effre?ne?s pour accompagner leur forte croissance et pour re?pondre aux enjeux de de?veloppement qui affectent l'environnement des populations riveraines. Les contributions the?oriques, me?thodologiques et empiriques pre?sente?es dans cet ouvrage permettent de cerner les questions de justice environnementale au-dela? des perspectives classiques. Elles montrent ainsi comment l'historicite? des rapports de domination entre diffe?rents types d'acteurs en Afrique est une variable de?terminante dans l'appre?hension de la notion de justice. Cet ouvrage s'adresse aux chercheurs inte?resse?s par les enjeux de justice socio-environnementale dans les pays du Sud, aux ONG luttant contre ces injustices, aux e?tudiants en sciences sociales et en ame?nagement du territoire ainsi qu'aux bailleurs de fonds financ?ant des infrastructures et confronte?s a? l'opposition croissante d'acteurs locaux ou internationaux."$c-- Page 4 of cover. 410 0$aNature et socie?te? (Series) 606 $aNatural resources$zAfrica$xManagement 606 $aEnvironmental justice$zAfrica 606 $aAfrica$2ascl 615 0$aNatural resources$xManagement. 615 0$aEnvironmental justice 615 7$aAfrica 676 $a363.70096 702 $aDare?$b William's 702 $aBa$b Alpha 702 $aDeldre?ve$b Vale?rie 801 0$bNjHacI 801 1$bNjHacl 906 $aBOOK 912 $a9910725059403321 996 $aJustice environnementale dans les espaces ruraux en Afrique$93374736 997 $aUNINA LEADER 01955nas 2200409 n 450 001 990008885330403321 005 20240229084430.0 011 $a0365-4184 035 $a000888533 035 $aFED01000888533 035 $a(Aleph)000888533FED01 035 $a000888533 091 $2CNR$aP 00016298 100 $a20161109b19701981km-y0itaa50------ba 101 0 $adan 102 $aDN 110 $aauu-------- 200 1 $aActa pathologica et microbiologica Scandinavica. Section A: Pathology 207 1$a1970-1981 210 $aKøbenhavn$cMunksgaard 421 0$12001$aActa pathologica et microbiologica Scandinavica. Section A-B-C. Supplement 421 0$12001$aActa pathologica et microbiologica Scandinavica. Section A. Supplement 430 0$12001$aActa pathologica et microbiologica Scandinavica 440 0$12001$aActa pathologica, microbiologica et immunologica Scandinavica. Section A: Pathology 530 0 $aActa pathologica et microbiologica Scandinavica. Section A: Pathology 675 $a616 676 $a616 801 0$aIT$bACNP$c20090723 859 4 $uhttp://acnp.cib.unibo.it/cgi-ser/start/it/cnr/dc-p1.tcl?catno=8895&person=false&language=ITALIANO&libr=&libr_th=unina1$zBiblioteche che possiedono il periodico 901 $aSE 912 $a990008885330403321 958 $aBiblioteca Centralizzata. Facoltà di Agraria dell'Università Federico II di Napoli$b1971-1973;$fFAGBC 959 $aFAGBC 996 $aActa pathologica et microbiologica Scandinavica. Section A: Pathology$9802363 997 $aUNINA AP1 8 $6866-01$aNA087 Biblioteca Centralizzata. Facoltà di Agraria dell'Università Federico II di Napoli$ev. Università, 100 Palazzo Reale, 80055 Portici (NA)$m081-2539322$m081-7760229$nit AP2 40$aacnp.cib.unibo.it$nACNP Italian Union Catalogue of Serials$uhttp://acnp.cib.unibo.it/cgi-ser/start/it/cnr/df-p.tcl?catno=8895&language=ITALIANO&libr=&person=&B=1&libr_th=unina&proposto=NO